5HLuxD.jpg

KING HENRY VIII SENIOR AND PRIMARY SCHOOL LIBRARY OPAC

Our dark duet : (Record no. 1026)

000 -LEADER
fixed length control field 01351nam a22002297a 4500
005 - DATE AND TIME OF LATEST TRANSACTION
control field 20200316085416.0
008 - FIXED-LENGTH DATA ELEMENTS--GENERAL INFORMATION
fixed length control field 200316b ||||| |||| 00| 0 eng d
020 ## - INTERNATIONAL STANDARD BOOK NUMBER
International Standard Book Number 9780062672032
040 ## - CATALOGING SOURCE
Transcribing agency KH8
082 ## - DEWEY DECIMAL CLASSIFICATION NUMBER
Classification number FIC SCH
100 ## - MAIN ENTRY--PERSONAL NAME
Personal name Schwab, Victoria
Relator term author
245 ## - TITLE STATEMENT
Title Our dark duet :
Remainder of title a monsters of verity novel /
Statement of responsibility, etc. Victoria Schwab
260 ## - PUBLICATION, DISTRIBUTION, ETC.
Place of publication, distribution, etc. New York :
Name of publisher, distributor, etc. Greenwillow Books ; an imprint of HarperCollinsPublishers,
Date of publication, distribution, etc. [2017] ©2017.
300 ## - PHYSICAL DESCRIPTION
Extent ii, 510 pages ;
Dimensions 22 cm
440 ## - SERIES STATEMENT/ADDED ENTRY--TITLE
Title Monsters of verity novel ;
Number of part/section of a work Book 2.
500 ## - GENERAL NOTE
General note Sequel to: This savage song.
520 ## - SUMMARY, ETC.
Summary, etc. When a new monster, who feeds on chaos and brings out its victim's inner demon, emerges from the shadows, Kate finds herself lured home to face a monster she thought she killed, a boy she thought she knew, and a demon all her own.<br/>August Flynn is a monster who can never be human, and in Verity he has become the leader he never wished to be. Kate Harker is a girl who hunts monsters, and in Prosperity she has become a ruthless hunter. When a new monster emerges, feeding on chaos and bringing out its victim's inner demons, Kate must face a monster she thought she killed, a boy she thought she knew, and a demon all her own.
650 ## - SUBJECT ADDED ENTRY--TOPICAL TERM
Topical term or geographic name entry element Good and evil
Form subdivision Juvenile fiction.
650 ## - SUBJECT ADDED ENTRY--TOPICAL TERM
Topical term or geographic name entry element Monsters
Form subdivision Fiction.
650 ## - SUBJECT ADDED ENTRY--TOPICAL TERM
Topical term or geographic name entry element Fantasy.
942 ## - ADDED ENTRY ELEMENTS (KOHA)
Source of classification or shelving scheme
Koha item type Books - Fiction
Holdings
Withdrawn status Lost status Source of classification or shelving scheme Damaged status Not for loan Collection code Permanent Location Current Location Shelving location Date acquired Full call number Barcode Date last seen Price effective from Koha item type
          Fiction KH8 Senior School Library KH8 Senior School Library Fiction 2020-03-16 FIC SCH 3KHSL000101769 2024-07-22 2020-03-16 Books - Fiction

Powered By KH8 IT Dept